Stimulation of the yield of rubber trees as a routine estate practice (Record no. 69334)

MARC details
000 -LEADER
fixed length control field 00334nam a2200121Ia 4500
245 #0 - TITLE STATEMENT
Title Stimulation of the yield of rubber trees as a routine estate practice
260 ## - PUBLICATION, DISTRIBUTION, ETC. (IMPRINT)
Name of publisher Planters Bulletin
Year of publication 1959
300 ## - PHYSICAL DESCRIPTION
Number of Pages 127-142
650 ## - SUBJECT ADDED ENTRY--TOPICAL TERM
Topical Term Rubber
650 ## - SUBJECT ADDED ENTRY--TOPICAL TERM
Topical Term Yield stimulation
942 ## - ADDED ENTRY ELEMENTS (KOHA)
Koha item type Journals
Holdings
Withdrawn status Lost status Damaged status Not for loan Home library Current library Shelving location Date acquired Serial Enumeration / chronology Koha item type
      Journals RRII Library RRII Library Botany 17/12/2021 Volume 45, Issue Journals